000 00325nam a22001337a 4500
999 _c54986
_d54986
008 200204b ||||| |||| 00| 0 eng d
041 _aeng
080 _2043.3
_a043.3
082 _a043.3
100 _a0
101 _aBTH
245 _aTerminal i Autobusëve dhe Qendër Tregtare e Integruar
_cRushiti,G
942 _2udc
_cBK